[Event "Ruhrgebiet VK3 1213"]
[Site "Nordrheinwestfalen"]
[Date "2012.12.02"]
[Round "4"]
[White "Lenz, Helmut"]
[Black "Goedeke, Ralf"]
[Result "1/2-1/2"]
[WhiteElo "2036"]
[BlackElo "1762"]
[PlyCount "90"]
[EventDate "2012.09.02"]
[EventType "team-tourn"]
[EventRounds "9"]
[EventCountry "GER"]
[SourceTitle "EXT 2020"]
[Source "ChessBase"]
[SourceDate "2019.10.17"]
[SourceVersion "1"]
[SourceVersionDate "2019.10.17"]
[SourceQuality "1"]
[WhiteTeam "Eichlinghofen SV II"]
[BlackTeam "Guennigfeld SV"]
[WhiteTeamCountry "GER"]
[BlackTeamCountry "GER"]

1. e4 e6 2. d3 c5 3. g3 Nc6 4. Bg2 Nf6 5. Ne2 e5 6. Nbc3 d6 7. 0-0 Be7 8. Nd5 Nxd5 9. exd5 Nd4 10. Nxd4 cxd4 11. f4 0-0 12. f5 Bd7 13. c3 dxc3 14. bxc3 Bf6 15. Be4 Rc8 16. Bd2 Bg5 17. Rc1 Bxd2 18. Qxd2 f6 19. g4 Rc5 20. d4 Rc8 21. dxe5 fxe5 22. g5 Rc4 23. Rce1 Qb6+ 24. Kh1 Rxe4 25. Rxe4 Bxf5 26. Re3 Be4+ 27. Kg1 Rf4 28. h3 Bf5 29. Rf2 Be4 30. Kh2 Rxf2+ 31. Qxf2 Bxd5 32. Qd2 Bc6 33. Re1 Qc7 34. Qf2 Qf7 35. Rf1 Qxf2+ 36. Rxf2 d5 37. Kg3 h6 38. h4 Kh7 39. Rf5 e4 40. Kf4 Kg6 41. gxh6 gxh6 42. h5+ Kg7 43. Ke3 a6 44. Kd4 a5 45. a3 a4 1/2-1/2